000
00243nam a2200097Ia 4500
008
120527s9999 xx 000 0 und d
100
_a
MOLLER, Arne
245
_a
Application of micro processors within Agriulture
260
_b
ACT
942
_c
BK
999
_c
25151
_d
25151